Central Library OPAC University of Rajshahi

The cloister and the hearth / (Record no. 20943)

MARC details
000 -LEADER
fixed length control field 00789nam a2200253 a 4500
001 - CONTROL NUMBER
control field 20943
003 - CONTROL NUMBER IDENTIFIER
rucl marc code BD-RjUL
005 - DATE AND TIME OF LATEST TRANSACTION
control field 20211209000630.0
008 - FIXED-LENGTH DATA ELEMENTS--GENERAL INFORMATION
fixed length control field 140302r19461906nyu b 000 1 eng d
035 ## - SYSTEM CONTROL NUMBER
System control number (OCoLC)27651676
System control number (BD-RjUL)21005
040 ## - CATALOGING SOURCE
Original cataloging agency NNC
Transcribing agency NNC
Language of cataloging eng
Modifying agency BD-RjUL
041 ## - LANGUAGE CODE
Language code of text/sound track or separate title eng
082 ## - DEWEY DECIMAL CLASSIFICATION NUMBER
Classification number 823
Author mark and year REC 1946
100 1# - MAIN ENTRY--PERSONAL NAME
Personal name Reade, Charles,
Dates associated with a name 1814-1884.
9 (RLIN) 61378
245 14 - TITLE STATEMENT
Title The cloister and the hearth /
Statement of responsibility, etc. by Charles Reade.
260 ## - PUBLICATION, DISTRIBUTION, ETC. (IMPRINT)
Place of publication, distribution, etc. London :
Name of publisher, distributor, etc. J. M. Dent & Sons Ltd,
Date of publication, distribution, etc. 1906 [reprinted 1946].
300 ## - PHYSICAL DESCRIPTION
Pagination 703 p., [16] leaves of plates :
Size 17 cm.
490 ## - SERIES STATEMENT
Series statement Great illustrated classics.
504 ## - BIBLIOGRAPHY, ETC. NOTE
Bibliography, etc Includes bibliographical references.
650 #0 - SUBJECT ADDED ENTRY--TOPICAL TERM
Topical term or geographic name as entry element Middle Ages
Form subdivision Fiction.
9 (RLIN) 60326
830 #0 - SERIES ADDED ENTRY--UNIFORM TITLE
Uniform title Great illustrated classics.
942 ## - ADDED ENTRY ELEMENTS (KOHA)
Source of classification or shelving scheme Dewey Decimal Classification
Koha item type Books
Holdings
Lost status Source of classification or shelving scheme Damaged status Not for loan Collection code Permanent Location Current Location Shelving location Date acquired Source of acquisition Cost, normal purchase price Total Checkouts Full call number Date last seen Copy number Koha item type
  Dewey Decimal Classification   Added to bundle Fiction Central Library, University of Rajshahi Central Library, University of Rajshahi Reading Room 21/09/1955 B.H.Black Well. 5.60   823 REC 1946 02/03/2014 C-1 Books